[Event "World Youth & Cadets Rapid Championships"]
[Site "Rhodes, Greece"]
[Date "2022.05.01"]
[Round "3.36"]
[White "September, Mckenzie"]
[Black "Mihelic, Vesna"]
[Result "0-1"]
[TimeControl "10'/game & 5\"/move"]
[WhiteElo "1120"]
[BlackElo "1924"]

1. d4 {[%clk 00:10:10]} d5 {[%clk 00:10:09]} {[%emt 00:00:01]} 2. e3 {[%clk
00:10:14]} Nf6 {[%clk 00:10:12]} {[%emt 00:00:02]} 3. Bd3 {[%clk 00:10:17]}
{[%emt 00:00:02]} e6 {[%clk 00:10:14]} {[%emt 00:00:02]} 4. Nd2 {[%clk
00:10:21]} {[%emt 00:00:02]} Bd6 {[%clk 00:10:16]} {[%emt 00:00:03]} 5. f4
{[%clk 00:10:23]} {[%emt 00:00:03]} c5 {[%clk 00:10:17]} {[%emt 00:00:04]} 6.
c3 {[%clk 00:10:27]} {[%emt 00:00:01]} Nc6 {[%clk 00:10:20]} {[%emt 00:00:02]}
7. Ngf3 {[%clk 00:10:30]} {[%emt 00:00:01]} O-O {[%clk 00:10:17]} {[%emt
00:00:08]} 8. Ne5 {[%clk 00:10:30]} {[%emt 00:00:05]} Bxe5 {[%clk 00:08:19]}
{[%emt 00:02:03]} 9. fxe5 {[%clk 00:10:34]} {[%emt 00:00:02]} Nd7 {[%clk
00:08:22]} {[%emt 00:00:02]} 10. O-O {[%clk 00:10:36]} {[%emt 00:00:02]} f5
{[%clk 00:08:17]} {[%emt 00:00:10]} 11. Rf3 {[%clk 00:10:08]} {[%emt 00:00:33]}
Ne7 {[%clk 00:07:38]} {[%emt 00:00:44]} 12. Rh3 {[%clk 00:10:02]} {[%emt
00:00:11]} h6 {[%clk 00:06:57]} {[%emt 00:00:46]} 13. Qh5 {[%clk 00:08:08]}
{[%emt 00:01:59]} Qe8 {[%clk 00:06:58]} {[%emt 00:00:04]} 14. Qh4 {[%clk
00:08:09]} {[%emt 00:00:03]} Ng6 {[%clk 00:06:31]} {[%emt 00:00:33]} 15. Qf2
{[%clk 00:07:48]} {[%emt 00:00:26]} f4 {[%clk 00:05:25]} {[%emt 00:01:12]} 16.
Bxg6 {[%clk 00:07:51]} {[%emt 00:00:01]} Qxg6 {[%clk 00:04:52]} {[%emt
00:00:39]} 17. exf4 {[%clk 00:07:53]} {[%emt 00:00:03]} Qf5 {[%clk 00:04:43]}
{[%emt 00:00:13]} 18. Nf1 {[%clk 00:07:25]} {[%emt 00:00:33]} b6 {[%clk
00:04:06]} {[%emt 00:00:43]} 19. Ng3 {[%clk 00:07:21]} {[%emt 00:00:09]} Qg4
{[%clk 00:03:46]} {[%emt 00:00:24]} 20. Qe2 {[%clk 00:06:33]} {[%emt 00:00:54]}
Qxe2 {[%clk 00:03:47]} {[%emt 00:00:04]} 21. Nxe2 {[%clk 00:06:36]} {[%emt
00:00:01]} Ba6 {[%clk 00:03:51]} {[%emt 00:00:02]} 22. Re3 {[%clk 00:06:18]}
{[%emt 00:00:23]} Rac8 {[%clk 00:03:47]} {[%emt 00:00:09]} 23. Bd2 {[%clk
00:05:44]} {[%emt 00:00:39]} Bxe2 {[%clk 00:03:28]} {[%emt 00:00:23]} 24. Rxe2
{[%clk 00:05:47]} {[%emt 00:00:02]} cxd4 {[%clk 00:03:31]} {[%emt 00:00:03]} 25.
cxd4 {[%clk 00:05:21]} {[%emt 00:00:31]} Rc2 {[%clk 00:03:33]} {[%emt
00:00:02]} 26. Rb1 {[%clk 00:05:22]} {[%emt 00:00:05]} Rxf4 {[%clk 00:03:20]}
{[%emt 00:00:17]} 27. Bxf4 {[%clk 00:05:08]} {[%emt 00:00:20]} Rxe2 {[%clk
00:03:23]} {[%emt 00:00:02]} 28. Kf1 {[%clk 00:05:08]} {[%emt 00:00:04]} Re4
{[%clk 00:03:19]} {[%emt 00:00:08]} 29. Bg3 {[%clk 00:04:19]} {[%emt 00:00:55]}
Rxd4 {[%clk 00:03:22]} {[%emt 00:00:03]} 30. Rc1 {[%clk 00:04:23]} {[%emt
00:00:01]} Rc4 {[%clk 00:03:18]} {[%emt 00:00:09]} 31. Rxc4 {[%clk 00:04:07]}
{[%emt 00:00:21]} dxc4 {[%clk 00:03:22]} {[%emt 00:00:01]} 32. Ke2 {[%clk
00:04:11]} Kf7 {[%clk 00:02:43]} {[%emt 00:00:43]} 33. Ke3 {[%clk 00:04:12]}
{[%emt 00:00:04]} b5 {[%clk 00:02:33]} {[%emt 00:00:15]} 34. Kd4 {[%clk
00:04:05]} {[%emt 00:00:13]} Ke7 {[%clk 00:02:16]} {[%emt 00:00:22]} 35. Bf2
{[%clk 00:03:49]} {[%emt 00:00:21]} a6 {[%clk 00:02:14]} {[%emt 00:00:07]} 36.
Bg3 {[%clk 00:03:33]} {[%emt 00:00:20]} Kd8 {[%clk 00:02:17]} {[%emt 00:00:02]}
37. Kc3 {[%clk 00:03:26]} {[%emt 00:00:12]} a5 {[%clk 00:02:06]} {[%emt
00:00:17]} 38. Kd4 {[%clk 00:03:05]} {[%emt 00:00:26]} Kc7 {[%clk 00:02:06]}
{[%emt 00:00:05]} 39. Be1 {[%clk 00:02:52]} {[%emt 00:00:18]} Kb6 {[%clk
00:02:05]} {[%emt 00:00:06]} 40. Bf2 {[%clk 00:02:44]} {[%emt 00:00:13]} Nc5
{[%clk 00:01:29]} {[%emt 00:00:41]} 41. Kc3 {[%clk 00:02:34]} {[%emt 00:00:14]}
Kc6 {[%clk 00:01:29]} {[%emt 00:00:06]} 42. a3 {[%clk 00:02:03]} {[%emt
00:00:36]} Ne4+ {[%clk 00:01:31]} {[%emt 00:00:02]} 0-1

[Event "World Youth & Cadets Rapid Championships"]
[Site "Rhodes, Greece"]
[Date "2022.05.01"]
[Round "3.37"]
[White "Barbier-Ramaiah, Riya Aude"]
[Black "Karas, Eugenia"]
[Result "0-1"]
[TimeControl "10'/game & 5\"/move"]
[WhiteElo "1128"]
[BlackElo "1578"]

1. e4 {[%clk 00:10:09]} e6 {[%clk 00:10:09]} {[%emt 00:00:02]} 2. d4 {[%clk
00:10:12]} {[%emt 00:00:02]} d5 {[%clk 00:10:13]} {[%emt 00:00:01]} 3. Nc3
{[%clk 00:10:15]} {[%emt 00:00:02]} Bb4 {[%clk 00:10:14]} {[%emt 00:00:04]} 4.
e5 {[%clk 00:09:32]} {[%emt 00:00:48]} Qd7 {[%clk 00:10:17]} {[%emt 00:00:01]}
5. Nf3 {[%clk 00:08:56]} {[%emt 00:00:41]} b6 {[%clk 00:09:10]} {[%emt
00:01:13]} 6. a3 {[%clk 00:08:40]} {[%emt 00:00:21]} Bxc3+ {[%clk 00:09:07]}
{[%emt 00:00:08]} 7. bxc3 {[%clk 00:08:43]} {[%emt 00:00:01]} Ba6 {[%clk
00:09:09]} {[%emt 00:00:04]} 8. Bxa6 {[%clk 00:08:26]} {[%emt 00:00:21]} Nxa6
{[%clk 00:09:12]} {[%emt 00:00:02]} 9. O-O {[%clk 00:08:26]} {[%emt 00:00:04]}
c5 {[%clk 00:09:09]} {[%emt 00:00:09]} 10. Bd2 {[%clk 00:07:56]} {[%emt
00:00:34]} Ne7 {[%clk 00:09:06]} {[%emt 00:00:09]} 11. Qe2 {[%clk 00:07:17]}
{[%emt 00:00:41]} Nc7 {[%clk 00:09:10]} {[%emt 00:00:05]} 12. Rfe1 {[%clk
00:07:19]} {[%emt 00:00:03]} Qb5 {[%clk 00:07:37]} {[%emt 00:01:38]} 13. Qxb5+
{[%clk 00:06:51]} {[%emt 00:00:32]} Nxb5 {[%clk 00:07:41]} {[%emt 00:00:02]} 14.
a4 {[%clk 00:06:04]} {[%emt 00:00:52]} Nc7 {[%clk 00:07:44]} {[%emt 00:00:02]}
15. Rad1 {[%clk 00:05:50]} {[%emt 00:00:18]} O-O {[%clk 00:06:49]} {[%emt
00:01:00]} 16. Bg5 {[%clk 00:04:50]} {[%emt 00:01:04]} Nc6 {[%clk 00:06:17]}
{[%emt 00:00:39]} 17. h3 {[%clk 00:04:31]} {[%emt 00:00:23]} h6 {[%clk
00:05:54]} {[%emt 00:00:29]} 18. Be3 {[%clk 00:04:00]} {[%emt 00:00:34]} cxd4
{[%clk 00:05:26]} {[%emt 00:00:35]} 19. cxd4 {[%clk 00:03:59]} {[%emt
00:00:05]} Na5 {[%clk 00:05:06]} {[%emt 00:00:25]} 20. Nd2 {[%emt 00:01:08]}
Rfc8 {[%clk 00:04:32]} 21. Rc1 {[%clk 00:03:28]} {[%emt 00:00:12]} Na6 {[%clk
00:04:05]} {[%emt 00:00:32]} 22. c3 {[%clk 00:03:09]} {[%emt 00:00:24]} Rc7
{[%clk 00:04:05]} {[%emt 00:00:05]} 23. Rc2 {[%clk 00:02:27]} {[%emt 00:00:48]}
Rac8 {[%clk 00:03:56]} {[%emt 00:00:14]} 24. Rec1 {[%clk 00:02:29]} {[%emt
00:00:02]} Nc4 {[%clk 00:03:47]} {[%emt 00:00:14]} 25. Nxc4 {[%clk 00:02:17]}
{[%emt 00:00:16]} Rxc4 {[%clk 00:03:50]} {[%emt 00:00:02]} 26. a5 {[%clk
00:01:09]} {[%emt 00:01:14]} Nb4 {[%clk 00:03:30]} {[%emt 00:00:25]} 27. Rd2
{[%clk 00:00:19]} {[%emt 00:00:54]} bxa5 {[%clk 00:03:21]} {[%emt 00:00:15]}
0-1

[Event "World Youth & Cadets Rapid Championships"]
[Site "Rhodes, Greece"]
[Date "2022.05.01"]
[Round "3.38"]
[White "Hajdinic, Ema"]
[Black "Gaszka, Zuzanna"]
[Result "0-1"]
[TimeControl "10'/game & 5\"/move"]
[WhiteElo "1528"]
[BlackElo "1465"]

1. e4 {[%clk 00:10:08]} {[%emt 00:00:01]} e5 {[%clk 00:10:09]} {[%emt
00:00:01]} 2. Nf3 {[%clk 00:10:12]} {[%emt 00:00:01]} Nc6 {[%clk 00:10:13]}
{[%emt 00:00:02]} 3. Nc3 {[%clk 00:10:16]} Nf6 {[%clk 00:10:17]} {[%emt
00:00:01]} 4. Bb5 {[%clk 00:10:21]} {[%emt 00:00:01]} Nd4 {[%clk 00:10:17]}
{[%emt 00:00:05]} 5. O-O {[%clk 00:09:28]} {[%emt 00:00:57]} Nxb5 {[%clk
00:09:24]} {[%emt 00:00:58]} 6. Nxb5 {[%clk 00:09:32]} d6 {[%clk 00:09:20]}
{[%emt 00:00:08]} 7. d3 {[%clk 00:09:36]} {[%emt 00:00:02]} Be7 {[%clk
00:09:18]} {[%emt 00:00:07]} 8. h3 {[%clk 00:09:26]} {[%emt 00:00:15]} O-O
{[%clk 00:09:20]} {[%emt 00:00:03]} 9. Re1 {[%clk 00:09:21]} {[%emt 00:00:09]}
h6 {[%clk 00:09:17]} {[%emt 00:00:09]} 10. d4 {[%clk 00:08:37]} {[%emt
00:00:49]} c6 {[%clk 00:08:47]} {[%emt 00:00:36]} 11. dxe5 {[%clk 00:07:55]}
{[%emt 00:00:46]} dxe5 {[%clk 00:08:47]} {[%emt 00:00:06]} 12. Nc3 {[%clk
00:07:47]} {[%emt 00:00:12]} Qc7 {[%clk 00:08:46]} {[%emt 00:00:05]} 13. a3
{[%clk 00:07:14]} {[%emt 00:00:38]} Be6 {[%clk 00:08:41]} {[%emt 00:00:11]} 14.
b4 {[%clk 00:07:09]} {[%emt 00:00:10]} Rfd8 {[%clk 00:07:43]} {[%emt 00:01:03]}
15. Qe2 {[%clk 00:07:05]} {[%emt 00:00:09]} Nd7 {[%clk 00:06:09]} {[%emt
00:01:39]} 16. Bb2 {[%clk 00:07:01]} {[%emt 00:00:08]} Bf6 {[%clk 00:05:48]}
{[%emt 00:00:28]} 17. Rad1 {[%clk 00:06:45]} {[%emt 00:00:20]} Nb6 {[%clk
00:05:36]} {[%emt 00:00:17]} 18. Nd2 {[%clk 00:06:24]} {[%emt 00:00:25]} Rd7
{[%clk 00:04:47]} {[%emt 00:00:55]} 19. f3 {[%clk 00:05:48]} {[%emt 00:00:41]}
Rad8 {[%clk 00:04:50]} {[%emt 00:00:02]} 20. Nf1 {[%clk 00:05:27]} {[%emt
00:00:26]} Bc4 {[%clk 00:04:29]} {[%emt 00:00:26]} 21. Qf2 {[%clk 00:05:15]}
{[%emt 00:00:17]} Rxd1 {[%clk 00:03:32]} {[%emt 00:01:02]} 22. Rxd1 {[%clk
00:05:19]} Rxd1 {[%clk 00:03:36]} {[%emt 00:00:01]} 23. Nxd1 {[%clk 00:05:22]}
{[%emt 00:00:02]} Qd6 {[%clk 00:03:31]} {[%emt 00:00:09]} 24. Qd2 {[%clk
00:04:56]} {[%emt 00:00:30]} Qc7 {[%clk 00:02:50]} {[%emt 00:00:47]} 25. Nfe3
{[%clk 00:04:58]} {[%emt 00:00:03]} Be6 {[%clk 00:02:53]} {[%emt 00:00:02]} 26.
Ng4 {[%clk 00:04:40]} {[%emt 00:00:23]} Bxg4 {[%clk 00:02:38]} {[%emt
00:00:20]} 27. hxg4 {[%clk 00:04:34]} {[%emt 00:00:12]} Nc4 {[%clk 00:02:26]}
{[%emt 00:00:17]} 28. Qe2 {[%clk 00:04:10]} {[%emt 00:00:28]} Nxb2 {[%clk
00:02:03]} {[%emt 00:00:29]} 29. Nxb2 {[%clk 00:04:13]} {[%emt 00:00:02]} Qd6
{[%clk 00:01:53]} {[%emt 00:00:15]} 30. Qd3 {[%clk 00:04:12]} {[%emt 00:00:06]}
Qc7 {[%clk 00:01:47]} {[%emt 00:00:11]} 31. Nc4 {[%clk 00:04:10]} {[%emt
00:00:06]} b5 {[%clk 00:01:35]} {[%emt 00:00:17]} 32. Qd6 {[%clk 00:03:43]}
{[%emt 00:00:33]} Qxd6 {[%clk 00:01:11]} {[%emt 00:00:29]} 33. Nxd6 {[%clk
00:03:46]} {[%emt 00:00:01]} Bd8 {[%clk 00:01:06]} {[%emt 00:00:10]} 34. Nf5
{[%clk 00:03:22]} {[%emt 00:00:30]} g6 {[%clk 00:00:45]} {[%emt 00:00:27]} 35.
Ne3 {[%clk 00:02:51]} {[%emt 00:00:36]} Bb6 {[%clk 00:00:43]} {[%emt 00:00:06]}
36. Kf1 {[%clk 00:02:44]} {[%emt 00:00:12]} Bxe3 {[%clk 00:00:46]} {[%emt
00:00:02]} 37. Ke2 {[%clk 00:02:48]} {[%emt 00:00:02]} Bd4 {[%clk 00:00:49]}
{[%emt 00:00:01]} 38. Kd3 {[%clk 00:02:51]} {[%emt 00:00:01]} Kf8 {[%clk
00:00:47]} {[%emt 00:00:08]} 39. c4 {[%clk 00:02:55]} Ke7 {[%clk 00:00:43]}
{[%emt 00:00:09]} 40. cxb5 {[%clk 00:02:57]} {[%emt 00:00:03]} cxb5 {[%clk
00:00:46]} {[%emt 00:00:02]} 41. f4 {[%clk 00:03:01]} {[%emt 00:00:01]} Kd6
{[%clk 00:00:46]} {[%emt 00:00:05]} 42. f5 {[%clk 00:02:16]} {[%emt 00:00:50]}
gxf5 {[%clk 00:00:32]} {[%emt 00:00:19]} 43. gxf5 {[%clk 00:02:11]} {[%emt
00:00:10]} Bb2 {[%clk 00:00:35]} {[%emt 00:00:02]} 44. g4 {[%clk 00:02:05]}
{[%emt 00:00:11]} Bxa3 {[%clk 00:00:38]} {[%emt 00:00:02]} 45. Kc3 {[%clk
00:02:10]} Bc1 {[%clk 00:00:39]} {[%emt 00:00:03]} 46. Kc2 {[%clk 00:02:14]}
{[%emt 00:00:01]} Be3 {[%clk 00:00:41]} {[%emt 00:00:03]} 47. Kd3 {[%clk
00:02:16]} {[%emt 00:00:03]} Bf4 {[%clk 00:00:36]} {[%emt 00:00:10]} 48. Kc3
{[%clk 00:02:19]} {[%emt 00:00:02]} Kc6 {[%clk 00:00:37]} {[%emt 00:00:03]} 49.
Kb3 {[%clk 00:02:22]} {[%emt 00:00:03]} Kb6 {[%clk 00:00:40]} {[%emt 00:00:02]}
50. Ka3 {[%clk 00:02:20]} {[%emt 00:00:07]} a5 {[%clk 00:00:43]} {[%emt
00:00:02]} 51. bxa5+ {[%clk 00:02:24]} {[%emt 00:00:01]} Kxa5 {[%clk 00:00:47]}
52. Kb3 {[%clk 00:02:28]} {[%emt 00:00:01]} b4 {[%clk 00:00:50]} {[%emt
00:00:02]} 53. Kb2 {[%clk 00:02:31]} {[%emt 00:00:02]} Ka4 {[%clk 00:00:53]}
{[%emt 00:00:02]} 54. Ka2 {[%clk 00:02:35]} {[%emt 00:00:01]} b3+ {[%clk
00:00:57]} 55. Kb2 {[%clk 00:02:40]} {[%emt 00:00:01]} Kb4 {[%clk 00:01:01]} 56.
Kb1 {[%clk 00:02:43]} {[%emt 00:00:01]} Kc3 {[%clk 00:00:54]} {[%emt 00:00:11]}
57. Ka1 {[%clk 00:02:24]} {[%emt 00:00:25]} f6 {[%clk 00:00:56]} {[%emt
00:00:02]} 58. Kb1 {[%clk 00:02:20]} {[%emt 00:00:09]} b2 {[%clk 00:00:59]}
{[%emt 00:00:02]} 59. g5 {[%clk 00:02:18]} {[%emt 00:00:07]} hxg5 {[%clk
00:01:01]} {[%emt 00:00:03]} 60. Ka2 {[%clk 00:02:22]} {[%emt 00:00:02]} Kc2
{[%clk 00:01:05]} {[%emt 00:00:01]} 0-1

[Event "World Youth & Cadets Rapid Championships"]
[Site "Rhodes, Greece"]
[Date "2022.05.01"]
[Round "3.39"]
[White "Hnatyshyn, Anastasiia"]
[Black "Zagorac, Lara"]
[Result "1-0"]
[TimeControl "10'/game & 5\"/move"]
[WhiteElo "1889"]
[BlackElo "1462"]

1. e4 {[%clk 00:10:08]} {[%emt 00:00:01]} c5 {[%clk 00:10:09]} {[%emt
00:00:02]} 2. Nf3 {[%clk 00:10:11]} {[%emt 00:00:01]} g6 {[%clk 00:10:11]}
{[%emt 00:00:03]} 3. d4 {[%clk 00:10:13]} {[%emt 00:00:03]} cxd4 {[%clk
00:10:10]} {[%emt 00:00:06]} 4. Nxd4 {[%clk 00:10:16]} {[%emt 00:00:02]} Bg7
{[%clk 00:10:14]} 5. Be3 {[%clk 00:09:35]} {[%emt 00:00:46]} Nc6 {[%clk
00:10:12]} {[%emt 00:00:07]} 6. c4 {[%clk 00:09:29]} {[%emt 00:00:11]} d6
{[%clk 00:10:06]} {[%emt 00:00:12]} 7. Nc3 {[%clk 00:09:30]} {[%emt 00:00:03]}
Nf6 {[%clk 00:10:07]} {[%emt 00:00:04]} 8. Be2 {[%clk 00:09:32]} {[%emt
00:00:02]} Bd7 {[%clk 00:10:00]} {[%emt 00:00:13]} 9. O-O {[%clk 00:09:32]}
{[%emt 00:00:05]} O-O {[%clk 00:10:01]} {[%emt 00:00:04]} 10. Rc1 {[%clk
00:09:25]} {[%emt 00:00:12]} Rc8 {[%clk 00:09:51]} {[%emt 00:00:15]} 11. b3
{[%clk 00:09:23]} {[%emt 00:00:07]} a6 {[%clk 00:08:36]} {[%emt 00:01:21]} 12.
f3 {[%clk 00:08:25]} {[%emt 00:01:01]} Nxd4 {[%clk 00:08:10]} {[%emt 00:00:32]}
13. Bxd4 {[%clk 00:08:27]} {[%emt 00:00:03]} Bc6 {[%clk 00:08:07]} {[%emt
00:00:09]} 14. Qd2 {[%clk 00:08:03]} {[%emt 00:00:28]} Nd7 {[%clk 00:06:40]}
{[%emt 00:01:32]} 15. Bxg7 {[%clk 00:06:58]} {[%emt 00:01:10]} Kxg7 {[%clk
00:06:35]} {[%emt 00:00:10]} 16. Rfd1 {[%clk 00:06:58]} {[%emt 00:00:05]} Qb6+
{[%clk 00:06:24]} {[%emt 00:00:13]} 17. Kh1 {[%clk 00:06:58]} {[%emt 00:00:07]}
Rfd8 {[%clk 00:06:10]} {[%emt 00:00:20]} 18. f4 {[%clk 00:06:13]} {[%emt
00:00:49]} Nc5 {[%clk 00:05:12]} {[%emt 00:01:04]} 19. Bf3 {[%clk 00:05:25]}
{[%emt 00:00:53]} Kg8 {[%clk 00:04:13]} {[%emt 00:01:04]} 20. Qf2 {[%clk
00:04:43]} {[%emt 00:00:47]} Nd7 {[%clk 00:03:15]} {[%emt 00:01:03]} 21. Qh4
{[%clk 00:04:35]} {[%emt 00:00:11]} Re8 {[%clk 00:02:16]} {[%emt 00:01:07]} 22.
Bg4 {[%clk 00:03:55]} {[%emt 00:00:44]} Rcd8 {[%clk 00:02:08]} {[%emt
00:00:13]} 23. Bxd7 {[%clk 00:03:50]} {[%emt 00:00:10]} Rxd7 {[%clk 00:01:49]}
{[%emt 00:00:23]} 24. Rd3 {[%clk 00:03:47]} {[%emt 00:00:09]} Red8 {[%clk
00:01:45]} {[%emt 00:00:09]} 25. f5 {[%clk 00:03:32]} {[%emt 00:00:19]} Qc7
{[%clk 00:01:29]} {[%emt 00:00:22]} 26. fxg6 {[%clk 00:03:16]} {[%emt
00:00:20]} fxg6 {[%clk 00:01:30]} {[%emt 00:00:05]} 27. Rf1 {[%clk 00:02:40]}
{[%emt 00:00:42]} e6 {[%clk 00:01:08]} {[%emt 00:00:26]} 28. Qg4 {[%clk
00:01:51]} {[%emt 00:00:54]} e5 {[%clk 00:00:53]} {[%emt 00:00:21]} 29. Rdf3
{[%clk 00:01:35]} {[%emt 00:00:19]} Re7 {[%clk 00:00:42]} {[%emt 00:00:17]} 30.
h4 {[%clk 00:01:29]} {[%emt 00:00:11]} Qd7 {[%clk 00:00:45]} {[%emt 00:00:03]}
31. Qg5 {[%clk 00:01:28]} {[%emt 00:00:05]} Qe6 {[%clk 00:00:37]} {[%emt
00:00:14]} 32. h5 {[%clk 00:01:15]} {[%emt 00:00:17]} Rde8 {[%clk 00:00:37]}
{[%emt 00:00:06]} 33. Rf6 {[%clk 00:01:16]} {[%emt 00:00:04]} Qd7 {[%clk
00:00:40]} {[%emt 00:00:02]} 34. Qh6 {[%clk 00:01:06]} {[%emt 00:00:14]} Rg7
{[%clk 00:00:32]} {[%emt 00:00:13]} 35. hxg6 {[%clk 00:00:51]} {[%emt
00:00:20]} hxg6 {[%clk 00:00:30]} {[%emt 00:00:08]} 36. Rxg6 {[%clk 00:00:53]}
{[%emt 00:00:02]} Rf8 {[%clk 00:00:24]} {[%emt 00:00:11]} 37. Rxf8+ {[%emt
00:00:08]} Kxf8 {[%clk 00:00:24]} {[%emt 00:00:02]} 38. Qh8+ {[%clk 00:00:55]}
{[%emt 00:00:03]} 1-0

[Event "World Youth & Cadets Rapid Championships"]
[Site "Rhodes, Greece"]
[Date "2022.05.01"]
[Round "3.40"]
[White "Korolchuk, Vladyslava"]
[Black "Smietanska, Wiktoria"]
[Result "0-1"]
[TimeControl "10'/game & 5\"/move"]
[WhiteElo "1409"]
[BlackElo "1781"]

1. Nf3 {[%clk 00:10:07]} {[%emt 00:00:03]} Nf6 {[%clk 00:10:08]} {[%emt
00:00:02]} 2. d4 {[%clk 00:10:09]} {[%emt 00:00:03]} g6 {[%clk 00:10:10]}
{[%emt 00:00:03]} 3. c4 {[%clk 00:10:12]} {[%emt 00:00:02]} Bg7 {[%clk
00:10:13]} {[%emt 00:00:02]} 4. Nc3 {[%clk 00:10:15]} {[%emt 00:00:03]} d6
{[%clk 00:10:13]} {[%emt 00:00:05]} 5. e4 {[%clk 00:10:18]} {[%emt 00:00:01]}
O-O {[%clk 00:10:15]} {[%emt 00:00:03]} 6. Be2 {[%clk 00:10:21]} {[%emt
00:00:02]} e5 {[%clk 00:10:18]} {[%emt 00:00:02]} 7. Be3 {[%clk 00:10:06]}
{[%emt 00:00:20]} Nc6 {[%clk 00:10:17]} {[%emt 00:00:06]} 8. O-O {[%clk
00:10:08]} {[%emt 00:00:03]} Re8 {[%clk 00:09:48]} {[%emt 00:00:34]} 9. d5
{[%clk 00:10:08]} {[%emt 00:00:05]} Ne7 {[%clk 00:09:50]} {[%emt 00:00:03]} 10.
b4 {[%clk 00:09:41]} {[%emt 00:00:32]} Ng4 {[%clk 00:09:28]} {[%emt 00:00:27]}
11. Bg5 {[%clk 00:08:50]} {[%emt 00:00:56]} h6 {[%clk 00:09:13]} {[%emt
00:00:19]} 12. Bh4 {[%clk 00:07:58]} {[%emt 00:00:57]} f5 {[%clk 00:08:54]}
{[%emt 00:00:25]} 13. h3 {[%clk 00:07:29]} {[%emt 00:00:34]} Nf6 {[%clk
00:08:54]} {[%emt 00:00:05]} 14. Nd2 {[%clk 00:07:14]} {[%emt 00:00:20]} g5
{[%clk 00:08:30]} {[%emt 00:00:30]} 15. Bg3 {[%clk 00:07:11]} {[%emt 00:00:06]}
f4 {[%clk 00:08:32]} {[%emt 00:00:04]} 16. Bh2 {[%clk 00:07:14]} {[%emt
00:00:02]} Rf8 {[%clk 00:08:32]} {[%emt 00:00:05]} 17. c5 {[%clk 00:07:01]}
{[%emt 00:00:18]} Rf7 {[%clk 00:08:23]} {[%emt 00:00:13]} 18. cxd6 {[%clk
00:06:42]} {[%emt 00:00:24]} cxd6 {[%clk 00:08:25]} {[%emt 00:00:03]} 19. Nb5
{[%clk 00:06:27]} {[%emt 00:00:19]} Bf8 {[%clk 00:08:24]} {[%emt 00:00:08]} 20.
Rc1 {[%clk 00:06:16]} {[%emt 00:00:15]} Ng6 {[%clk 00:08:06]} {[%emt 00:00:24]}
21. Qc2 {[%clk 00:05:01]} {[%emt 00:01:18]} a6 {[%clk 00:07:18]} {[%emt
00:00:55]} 22. Nc7 {[%clk 00:04:46]} {[%emt 00:00:19]} Rb8 {[%clk 00:07:18]}
{[%emt 00:00:05]} 23. Ne6 {[%clk 00:04:21]} {[%emt 00:00:30]} Qe8 {[%clk
00:06:53]} {[%emt 00:00:31]} 24. Qb3 {[%clk 00:03:32]} {[%emt 00:00:53]} Bd7
{[%clk 00:05:32]} {[%emt 00:01:26]} 25. Rc3 {[%clk 00:02:12]} {[%emt 00:01:25]}
Be7 {[%clk 00:04:14]} {[%emt 00:01:24]} 26. Nc7 {[%clk 00:01:55]} {[%emt
00:00:22]} Qd8 {[%clk 00:03:50]} {[%emt 00:00:29]} 27. Ne6 {[%clk 00:01:58]}
{[%emt 00:00:03]} Qb6 {[%clk 00:03:46]} {[%emt 00:00:06]} 28. Rfc1 {[%clk
00:01:55]} {[%emt 00:00:10]} Nf8 {[%clk 00:03:24]} {[%emt 00:00:27]} 29. Kf1
{[%clk 00:01:37]} {[%emt 00:00:20]} Rh7 {[%clk 00:02:36]} {[%emt 00:00:56]} 30.
Rc7 {[%clk 00:01:22]} {[%emt 00:00:19]} Nxe6 {[%clk 00:02:01]} {[%emt
00:00:41]} 31. dxe6 {[%clk 00:01:22]} {[%emt 00:00:05]} Bc6 {[%clk 00:02:03]}
{[%emt 00:00:02]} 32. Rxe7 {[%clk 00:00:38]} {[%emt 00:00:50]} Rxe7 {[%clk
00:02:06]} {[%emt 00:00:02]} 33. Nc4 {[%clk 00:00:37]} {[%emt 00:00:06]} Qc7
{[%clk 00:01:52]} {[%emt 00:00:19]} 34. Na5 {[%clk 00:00:35]} {[%emt 00:00:07]}
Kg7 {[%clk 00:01:07]} {[%emt 00:00:50]} 35. b5 {[%clk 00:00:21]} {[%emt
00:00:19]} axb5 {[%clk 00:00:52]} {[%emt 00:00:20]} 36. Qb4 {[%clk 00:00:11]}
{[%emt 00:00:15]} Ra8 {[%clk 00:00:41]} {[%emt 00:00:15]} 37. Nxc6 {[%clk
00:00:11]} {[%emt 00:00:06]} bxc6 {[%clk 00:00:44]} {[%emt 00:00:02]} 38. Bxb5
{[%clk 00:00:14]} {[%emt 00:00:02]} Rb8 {[%clk 00:00:28]} {[%emt 00:00:21]} 39.
a4 {[%clk 00:00:09]} {[%emt 00:00:10]} Qb6 {[%clk 00:00:27]} {[%emt 00:00:04]}
40. Qxd6 {[%clk 00:00:07]} {[%emt 00:00:08]} Qxf2+ {[%clk 00:00:12]} {[%emt
00:00:21]} 41. Kxf2 {[%clk 00:00:11]} {[%emt 00:00:01]} Nxe4+ {[%clk 00:00:15]}
{[%emt 00:00:02]} 42. Ke2 {[%clk 00:00:14]} {[%emt 00:00:01]} Nxd6 {[%clk
00:00:18]} {[%emt 00:00:03]} 43. Rxc6 {[%clk 00:00:17]} {[%emt 00:00:02]} Nxb5
{[%clk 00:00:21]} {[%emt 00:00:03]} 44. axb5 {[%clk 00:00:19]} {[%emt
00:00:02]} Rxb5 {[%clk 00:00:24]} {[%emt 00:00:01]} 45. Rd6 {[%clk 00:00:22]}
{[%emt 00:00:02]} Kf6 {[%clk 00:00:27]} {[%emt 00:00:02]} 46. Kf3 {[%clk
00:00:22]} {[%emt 00:00:06]} Rxe6 {[%clk 00:00:29]} {[%emt 00:00:03]} 47. Rd7
{[%clk 00:00:19]} {[%emt 00:00:07]} Rc6 {[%clk 00:00:31]} {[%emt 00:00:03]} 48.
Bg1 {[%clk 00:00:11]} {[%emt 00:00:12]} Rc3+ {[%clk 00:00:31]} {[%emt
00:00:06]} 49. Ke4 {[%clk 00:00:08]} {[%emt 00:00:09]} Rb4+ {[%clk 00:00:31]}
{[%emt 00:00:04]} 50. Kd5 {[%clk 00:00:11]} {[%emt 00:00:02]} Rd3+ {[%clk
00:00:34]} {[%emt 00:00:02]} 51. Kc6 {[%clk 00:00:12]} {[%emt 00:00:04]} Rxd7
{[%clk 00:00:35]} {[%emt 00:00:05]} 52. Kxd7 {[%clk 00:00:15]} {[%emt
00:00:02]} e4 {[%clk 00:00:38]} {[%emt 00:00:02]} 53. Bc5 {[%clk 00:00:18]}
{[%emt 00:00:02]} Rc4 {[%clk 00:00:40]} {[%emt 00:00:02]} 54. Be7+ {[%clk
00:00:20]} {[%emt 00:00:03]} Kf5 {[%clk 00:00:44]} {[%emt 00:00:02]} 55. Bf8
{[%clk 00:00:22]} {[%emt 00:00:03]} e3 {[%clk 00:00:47]} {[%emt 00:00:02]} 56.
Bxh6 {[%clk 00:00:22]} {[%emt 00:00:05]} e2 {[%clk 00:00:50]} {[%emt 00:00:02]}
57. Bxg5 {[%clk 00:00:22]} {[%emt 00:00:04]} Kxg5 {[%clk 00:00:53]} {[%emt
00:00:03]} 0-1